|
|
|
|
| LEADER |
02983nam a2200637 a 4500 |
| 001 |
nkc20061643771 |
| 003 |
CZ PrNK |
| 005 |
20060428113756.0 |
| 007 |
ta |
| 008 |
060220s2005 xr f 100 0 cze |
| 015 |
|
|
|a cnb001643771
|
| 020 |
|
|
|a 80-7325-077-2
|q (brož.) :
|c Kč 149,00
|
| 035 |
|
|
|a (OCoLC)70682883
|
| 040 |
|
|
|a BOA001
|b cze
|d ABA001
|
| 043 |
|
|
|a e-xr---
|
| 045 |
|
|
|a y0y0
|
| 072 |
|
7 |
|a 2-1
|x Přirozená teologie. Náboženská filozofie
|2 Konspekt
|9 5
|
| 080 |
|
|
|a 2-1:101
|2 MRF
|
| 080 |
|
|
|a 14(437.3)
|2 MRF
|
| 080 |
|
|
|a 27-1
|2 MRF
|
| 080 |
|
|
|a 001:2-1
|2 MRF
|
| 080 |
|
|
|a (437.3)
|2 MRF
|
| 080 |
|
|
|a (062.534)
|2 MRF
|
| 111 |
2 |
|
|a Interakce filosofie a teologie v současném českém myšlení
|d (2003 :
|c České Budějovice, Česko)
|7 mzk2006318396
|
| 245 |
1 |
0 |
|a Čeští svědkové promýšlené víry :
|b filosofie a teologie v interakci u současných českých myslitelů : sborník ze symposia, které pořádala Teologická fakulta Jihočeské univerzity v Českých Budějovicích 13.-15. listopadu 2003 /
|c Karel Skalický, Rudolf Svoboda, František Štěch (eds.)
|
| 246 |
3 |
0 |
|a Filosofie a teologie v interakci u současných českých myslitelů
|
| 250 |
|
|
|a 1. vyd.
|
| 260 |
|
|
|a Brno :
|b CDK, Centrum pro studium demokracie a kultury,
|c 2005
|
| 300 |
|
|
|a 151 s. ;
|c 21 cm
|
| 490 |
1 |
|
|a Moderní česká teologie
|
| 490 |
1 |
|
|a Studie Teologické fakulty Jihočeské univerzity ;
|v sv. 33
|
| 500 |
|
|
|a Pub. je vydávána v rámci grantového úkolu "Interakce filosofie a teologie v českém myšlení 19. a 20. století"
|
| 504 |
|
|
|a Obsahuje bibliografické odkazy
|
| 648 |
|
7 |
|a 21. století
|7 ch460559
|2 czenas
|
| 650 |
0 |
7 |
|a teologie a filozofie
|7 ph332188
|z Česko
|y 21. stol.
|2 czenas
|
| 650 |
0 |
7 |
|a česká filozofie
|7 ph128114
|y 21. stol.
|2 czenas
|
| 650 |
0 |
7 |
|a křesťanská teologie
|7 ph115064
|z Česko
|y 21. stol.
|2 czenas
|
| 650 |
0 |
7 |
|a věda a víra
|7 ph116677
|z Česko
|y 21. stol.
|2 czenas
|
| 650 |
0 |
9 |
|a theology and philosophy
|z Czechia
|y 21st century
|2 eczenas
|
| 650 |
0 |
9 |
|a Czech philosophy
|y 21st century
|2 eczenas
|
| 650 |
0 |
9 |
|a Christian theology
|z Czechia
|y 21st century
|2 eczenas
|
| 650 |
0 |
9 |
|a science and belief
|z Czechia
|y 21st century
|2 eczenas
|
| 655 |
|
7 |
|a sborníky konferencí
|7 fd133333
|2 czenas
|
| 655 |
|
9 |
|a proceedings of conferences
|2 eczenas
|
| 700 |
1 |
|
|a Skalický, Karel,
|d 1934-
|7 jn19990009982
|4 edt
|
| 700 |
1 |
|
|a Svoboda, Rudolf,
|d 1978-
|7 xx0024839
|4 edt
|
| 700 |
1 |
|
|a Štěch, František,
|d 1980-
|7 xx0024862
|4 edt
|
| 810 |
2 |
|
|a Jihočeská univerzita.
|b Teologická fakulta.
|t Studie
|0 s
|
| 830 |
|
0 |
|a Moderní česká teologie
|0 s
|
| 910 |
2 |
|
|a BOA001
|b 2-1165.901
|
| 928 |
9 |
|
|a Centrum pro studium demokracie a kultury (CDK)
|
| 990 |
|
|
|a BK
|
| 995 |
|
|
|a 01
|
| 991 |
|
|
|b 200604
|c NOV
|
| 996 |
6 |
|
|b 2610274532
|c 2-1165.901
|l MZK
|r Sklad / do 1 hodiny
|n 0
|p p.v.
|w 000811234
|u 000010
|a 1
|e BOA001
|j MZK50
|s P
|
| 996 |
7 |
|
|b 2610276279
|c 2-1165.901
|l MZK
|r Sklad / do 1 hodiny
|n 4
|p kup
|w 000811234
|u 000020
|a 1
|e BOA001
|j MZK50
|s A
|